000
00191 a2200097 4500
001
18145
100
_a
S TB B
245
_a
Urdu Nisab Lazmi
260
_a
_b
S T B B
_c
090
_c
13439
_d
13439
942
_a
NUST-CAE
_c
M
_c
3824
999
_c
253218
_d
253218